[Event "Icelandic Team Championship 2019-21 - 1s"]
[Site "Reykjavik (round 1-5) and Self"]
[Date "2021.05.16"]
[Round "9.4"]
[White "Stefansson, Hannes"]
[Black "Gunnarsson, Jon Viktor"]
[Result "1-0"]
[WhiteElo "2532"]
[BlackElo "2436"]
[PlyCount "85"]
[EventDate "2019.10.03"]
[WhiteTeam "Skákfélagið Huginn"]
[BlackTeam "Víkingaklúbburinn a-sveit"]

1. d4 {[%emt 0:00:00]} Nf6 {[%emt 0:00:00]} 2. c4 {[%emt 0:00:00]} g6 {[%emt 0:
00:00]} 3. g3 {[%emt 0:00:00]} c5 {[%emt 0:00:00]} 4. Nf3 {[%emt 0:00:00]} cxd4
{[%emt 0:00:00]} 5. Nxd4 {[%emt 0:00:00]} Nc6 {[%emt 0:00:00]} 6. Bg2 {[%emt 0:
00:00]} Bg7 {[%emt 0:00:00]} 7. O-O {[%emt 0:00:00]} h5 {[%emt 0:00:00]} 8. Nf3
{[%emt 0:00:00]} d6 {[%emt 0:00:00]} 9. Nc3 {[%emt 0:00:00]} Bd7 {[%emt 0:00:
00]} 10. Bg5 {[%emt 0:00:00]} Rc8 {[%emt 0:00:00]} 11. Rc1 {[%emt 0:00:00]} O-O
{[%emt 0:00:00]} 12. Qd2 {[%emt 0:00:00]} a6 {[%emt 0:00:00]} 13. Rfd1 {
[%emt 0:00:00]} Be6 {[%emt 0:00:00]} 14. b3 {[%emt 0:00:00]} b5 {[%emt 0:00:00]
} 15. cxb5 {[%emt 0:00:00]} axb5 {[%emt 0:00:00]} 16. Bxf6 {[%emt 0:00:00]}
Bxf6 {[%emt 0:00:00]} 17. Nxb5 {[%emt 0:00:00]} Qb6 {[%emt 0:00:00]} 18. Nc3 {
[%emt 0:00:00]} Nb4 {[%emt 0:00:00]} 19. Nd4 {[%emt 0:00:00]} Bxd4 {[%emt 0:00:
00]} 20. Qxd4 {[%emt 0:00:00]} Qa5 {[%emt 0:00:00]} 21. Qd2 {[%emt 0:00:00]}
Qa3 {[%emt 0:00:00]} 22. Nb5 {[%emt 0:00:00]} Qa5 {[%emt 0:00:00]} 23. Nd4 {
[%emt 0:00:00]} Bd7 {[%emt 0:00:00]} 24. a3 {[%emt 0:00:00]} Rxc1 {[%emt 0:00:
00]} 25. Qxc1 {[%emt 0:00:00]} Na6 {[%emt 0:00:00]} 26. Qb2 {[%emt 0:00:00]}
Rc8 {[%emt 0:00:00]} 27. Rc1 {[%emt 0:00:00]} Rxc1+ {[%emt 0:00:00]} 28. Qxc1 {
[%emt 0:00:00]} Qb6 {[%emt 0:00:00]} 29. Qc4 {[%emt 0:13:14]} Nc7 {[%emt 0:04:
09]} 30. Nc6 {[%emt 0:00:00]} e6 {[%emt 0:02:49]} 31. Qb4 {[%emt 0:00:00]} Qxb4
{[%emt 0:00:17]} 32. Nxb4 {[%emt 0:00:00]} Nb5 {[%emt 0:00:21]} 33. Nc2 {
[%emt 0:00:00]} Kf8 {[%emt 0:01:24]} 34. a4 {[%emt 0:00:00]} Nc3 {[%emt 0:01:
01]} 35. Kf1 {[%emt 0:00:00]} d5 {[%emt 0:00:57]} 36. Ke1 {[%emt 0:00:00]} Ke7
{[%emt 0:00:16]} 37. Kd2 {[%emt 0:00:00]} Na2 {[%emt 0:00:18]} 38. e4 {[%emt 0:
00:00]} Kd6 {[%emt 0:00:36]} 39. exd5 {[%emt 0:00:00]} exd5 {[%emt 0:00:03]}
40. a5 {[%emt 0:00:00]} Kc5 {[%emt 0:00:42]} 41. b4+ {[%emt 0:00:00]} Nxb4 {
[%emt 0:00:21]} 42. Nxb4 {[%emt 0:00:00]} Kxb4 {[%emt 0:00:07]} 43. Bxd5 {
[%emt 0:00:00]} 1-0

[Event "Icelandic Team Championship 2019-21 - 1s"]
[Site "Reykjavik (round 1-5) and Self"]
[Date "2021.05.16"]
[Round "9.4"]
[White "Thorfinnsson, Bjorn"]
[Black "Thorhallsson, Throstur"]
[Result "1-0"]
[WhiteElo "2384"]
[BlackElo "2406"]
[PlyCount "127"]
[EventDate "2019.10.03"]
[WhiteTeam "Víkingaklúbburinn a-sveit"]
[BlackTeam "Skákfélagið Huginn"]

1. d4 {[%emt 0:00:00]} e6 {[%emt 0:00:00]} 2. c4 {[%emt 0:00:00]} Nf6 {[%emt 0:
00:00]} 3. Nf3 {[%emt 0:00:00]} d5 {[%emt 0:00:00]} 4. e3 {[%emt 0:00:00]} a6 {
[%emt 0:00:00]} 5. b3 {[%emt 0:00:00]} c5 {[%emt 0:00:00]} 6. cxd5 {[%emt 0:00:
00]} Nxd5 {[%emt 0:00:00]} 7. Be2 {[%emt 0:00:00]} cxd4 {[%emt 0:00:00]} 8.
Nxd4 {[%emt 0:00:00]} Bb4+ {[%emt 0:00:00]} 9. Bd2 {[%emt 0:00:00]} e5 {
[%emt 0:00:00]} 10. Nc2 {[%emt 0:00:00]} Be7 {[%emt 0:00:00]} 11. Nc3 {[%emt 0:
00:00]} Nc6 {[%emt 0:00:00]} 12. O-O {[%emt 0:00:00]} Be6 {[%emt 0:00:00]} 13.
e4 {[%emt 0:00:00]} Nf6 {[%emt 0:00:00]} 14. Be3 {[%emt 0:00:00]} Qa5 {[%emt 0:
00:00]} 15. Na4 {[%emt 0:00:00]} Nxe4 {[%emt 0:00:00]} 16. Bb6 {[%emt 0:00:00]}
Qd5 {[%emt 0:00:00]} 17. Qc1 {[%emt 0:00:00]} Qd7 {[%emt 0:00:00]} 18. Rd1 {
[%emt 0:00:00]} Qc8 {[%emt 0:00:00]} 19. f3 {[%emt 0:00:00]} Nf6 {[%emt 0:00:
00]} 20. Nc5 {[%emt 0:00:00]} Bd8 {[%emt 0:00:00]} 21. Bxd8 {[%emt 0:00:00]}
Nxd8 {[%emt 0:00:00]} 22. Qa3 {[%emt 0:00:00]} O-O {[%emt 0:00:00]} 23. Rac1 {
[%emt 0:00:00]} Nc6 {[%emt 0:00:00]} 24. Na4 {[%emt 0:00:00]} Qc7 {[%emt 0:00:
00]} 25. Qc5 {[%emt 0:00:00]} Qe7 {[%emt 0:00:00]} 26. Qxe7 {[%emt 0:00:00]}
Nxe7 {[%emt 0:00:00]} 27. Nb4 {[%emt 0:00:00]} Rac8 {[%emt 0:01:50]} 28. Nc5 {
[%emt 0:00:00]} Ned5 {[%emt 0:00:23]} 29. Nbd3 {[%emt 0:00:00]} Ne3 {[%emt 0:
03:24]} 30. Re1 {[%emt 0:00:00]} Bd5 {[%emt 0:01:53]} 31. Kf2 {[%emt 0:00:00]}
Nf5 {[%emt 0:00:55]} 32. Nxe5 {[%emt 0:00:00]} Rfe8 {[%emt 0:01:26]} 33. Bf1 {
[%emt 0:00:00]} h5 {[%emt 0:01:05]} 34. g3 {[%emt 0:00:00]} Rc7 {[%emt 0:00:26]
} 35. Bh3 {[%emt 0:00:00]} Nd6 {[%emt 0:00:22]} 36. Ncd7 {[%emt 0:00:00]} Rxc1
{[%emt 0:00:33]} 37. Rxc1 {[%emt 0:00:00]} Nxd7 {[%emt 0:00:44]} 38. Nxd7 {
[%emt 0:00:00]} Bc6 {[%emt 0:00:46]} 39. Nc5 {[%emt 0:00:00]} a5 {[%emt 0:00:
17]} 40. Bd7 {[%emt 0:00:02]} Bxd7 {[%emt 0:01:34]} 41. Nxd7 {[%emt 0:00:16]}
Rd8 {[%emt 0:03:40]} 42. Rc7 {[%emt 0:01:13]} b5 {[%emt 0:00:44]} 43. Nb6 {
[%emt 0:01:51]} g6 {[%emt 0:01:49]} 44. Rd7 {[%emt 0:00:12]} Rxd7 {[%emt 0:00:
25]} 45. Nxd7 {[%emt 0:00:05]} f5 {[%emt 0:00:16]} 46. Ke3 {[%emt 0:00:04]} Kf7
{[%emt 0:00:09]} 47. Ne5+ {[%emt 0:01:01]} Kf6 {[%emt 0:00:14]} 48. Kd4 {
[%emt 0:00:07]} f4 {[%emt 0:01:12]} 49. gxf4 {[%emt 0:00:13]} b4 {[%emt 0:00:
57]} 50. Kc5 {[%emt 0:00:10]} Nf5 {[%emt 0:00:35]} 51. Kb5 {[%emt 0:00:31]}
Nd4+ {[%emt 0:00:26]} 52. Kxa5 {[%emt 0:00:13]} g5 {[%emt 0:00:12]} 53. Nd3 {
[%emt 0:00:54]} Nxf3 {[%emt 0:00:09]} 54. fxg5+ {[%emt 0:00:30]} Kxg5 {[%emt 0:
00:01]} 55. Kxb4 {[%emt 0:00:32]} Nxh2 {[%emt 0:00:07]} 56. a4 {[%emt 0:00:04]}
Nf3 {[%emt 0:01:04]} 57. Kc3 {[%emt 0:02:00]} h4 {[%emt 0:00:59]} 58. a5 {
[%emt 0:00:08]} h3 {[%emt 0:00:27]} 59. Nf2 {[%emt 0:00:22]} h2 {[%emt 0:00:19]
} 60. a6 {[%emt 0:00:04]} Kf4 {[%emt 0:00:41]} 61. a7 {[%emt 0:00:09]} Kg3 {
[%emt 0:00:13]} 62. Nh1+ {[%emt 0:00:08]} Kg2 {[%emt 0:00:06]} 63. a8=Q {
[%emt 0:00:06]} Kg1 {[%emt 0:00:11]} 64. Ng3 {[%emt 0:00:10]} 1-0

[Event "Icelandic Team Championship 2019-21 - 1s"]
[Site "Reykjavik (round 1-5) and Self"]
[Date "2021.05.16"]
[Round "9.4"]
[White "Kjartansson, David"]
[Black "Sigfusson, Sigurdur"]
[Result "1-0"]
[WhiteElo "2327"]
[BlackElo "2298"]
[PlyCount "83"]
[EventDate "2019.10.03"]
[WhiteTeam "Víkingaklúbburinn a-sveit"]
[BlackTeam "Skákfélagið Huginn"]

1. d4 {[%emt 0:00:00]} Nf6 {[%emt 0:00:00]} 2. c4 {[%emt 0:00:00]} g6 {[%emt 0:
00:00]} 3. Nc3 {[%emt 0:00:00]} Bg7 {[%emt 0:00:00]} 4. e4 {[%emt 0:00:00]} d6
{[%emt 0:00:00]} 5. Nf3 {[%emt 0:00:00]} O-O {[%emt 0:00:00]} 6. Be2 {[%emt 0:
00:00]} e5 {[%emt 0:00:00]} 7. d5 {[%emt 0:00:00]} a5 {[%emt 0:00:00]} 8. Bg5 {
[%emt 0:00:00]} Nbd7 {[%emt 0:00:00]} 9. Nd2 {[%emt 0:00:00]} Nc5 {[%emt 0:00:
00]} 10. g4 {[%emt 0:00:00]} Qd7 {[%emt 0:00:00]} 11. f3 {[%emt 0:00:00]} h5 {
[%emt 0:00:00]} 12. h3 {[%emt 0:00:00]} Nh7 {[%emt 0:00:00]} 13. Be3 {[%emt 0:
00:00]} h4 {[%emt 0:00:00]} 14. Nb3 {[%emt 0:00:00]} b6 {[%emt 0:00:00]} 15.
Qd2 {[%emt 0:00:00]} Qe7 {[%emt 0:00:00]} 16. Nxc5 {[%emt 0:00:00]} bxc5 {
[%emt 0:00:00]} 17. a4 {[%emt 0:00:00]} Bd7 {[%emt 0:00:00]} 18. Nb5 {[%emt 0:
00:00]} Rfc8 {[%emt 0:00:00]} 19. Rg1 {[%emt 0:00:00]} c6 {[%emt 0:00:00]} 20.
Nc3 {[%emt 0:00:00]} Rcb8 {[%emt 0:00:00]} 21. Kf2 {[%emt 0:00:00]} Rb3 {
[%emt 0:00:00]} 22. Bd1 {[%emt 0:00:00]} Rb4 {[%emt 0:00:00]} 23. b3 {[%emt 0:
00:00]} Rab8 {[%emt 0:00:00]} 24. Rb1 {[%emt 0:00:00]} Bf8 {[%emt 0:00:00]} 25.
Bc2 {[%emt 0:00:00]} Qd8 {[%emt 0:00:00]} 26. Kg2 {[%emt 0:00:00]} Be7 {
[%emt 0:00:00]} 27. Rgd1 {[%emt 0:00:00]} Nf6 {[%emt 0:00:00]} 28. Qe1 {
[%emt 0:00:00]} cxd5 {[%emt 0:00:00]} 29. Nxd5 {[%emt 0:00:00]} Nxd5 {[%emt 0:
00:00]} 30. Rxd5 {[%emt 0:00:00]} Be6 {[%emt 0:01:03]} 31. Rdd1 {[%emt 0:00:00]
} Qf8 {[%emt 0:00:23]} 32. Bd2 {[%emt 0:00:00]} Qd8 {[%emt 0:03:56]} 33. Bc3 {
[%emt 0:00:00]} Qf8 {[%emt 0:01:15]} 34. Qe3 {[%emt 0:00:00]} g5 {[%emt 0:01:
55]} 35. Rd2 {[%emt 0:00:00]} R4b7 {[%emt 0:01:19]} 36. Qe1 {[%emt 0:00:00]}
Qg7 {[%emt 0:02:05]} 37. Bxa5 {[%emt 0:00:00]} Qf6 {[%emt 0:00:09]} 38. Rdd1 {
[%emt 0:00:15]} Rb4 {[%emt 0:03:40]} 39. Qe3 {[%emt 0:01:07]} Bc8 {[%emt 0:01:
09]} 40. Bxb4 {[%emt 0:02:38]} cxb4 {[%emt 0:00:04]} 41. Rd5 {[%emt 0:00:52]}
Bd8 {[%emt 0:01:17]} 42. Rb5 {[%emt 0:02:02]} 1-0

[Event "Icelandic Team Championship 2019-21 - 1s"]
[Site "Reykjavik (round 1-5) and Self"]
[Date "2021.05.16"]
[Round "9.4"]
[White "Gretarsson, Andri A"]
[Black "Sigurjonsson, Stefan Th."]
[Result "1/2-1/2"]
[WhiteElo "2268"]
[BlackElo "2078"]
[PlyCount "179"]
[EventDate "2019.10.03"]
[WhiteTeam "Skákfélagið Huginn"]
[BlackTeam "Víkingaklúbburinn a-sveit"]

1. e4 e6 2. d3 d5 3. Nd2 dxe4 4. dxe4 Bc5 5. Ngf3 Nf6 6. Bc4 Nc6 7. O-O O-O 8.
e5 Nd7 9. Re1 Nb6 10. Bd3 Nb4 11. Be4 f5 12. exf6 gxf6 13. a3 Nc6 14. b3 e5 15.
Bb2 a5 16. h3 Qe7 17. Nh4 f5 18. Bxc6 Qxh4 19. Qe2 e4 20. Bb5 Be6 21. Bc4 Rae8
22. Bxe6+ Rxe6 23. Nf3 Qh5 24. Rad1 Rfe8 25. Nd4 Qxe2 26. Nxe2 Kf7 27. Kf1 Rd6
28. Rxd6 Bxd6 29. a4 Nd5 30. Rd1 Nb4 31. Bc3 b6 32. Nd4 Nd5 33. Ba1 e3 34. c4
Nf4 35. fxe3 Rxe3 36. Kf2 Rd3 37. Rxd3 Nxd3+ 38. Ke2 Nc5 39. Kd2 Be5 40. Kc2
Ne6 41. Nxe6 Kxe6 42. Bc3 Bxc3 43. Kxc3 Ke5 44. b4 Kf4 45. bxa5 bxa5 46. Kd4
Kg3 47. Ke5 Kxg2 48. Kxf5 Kxh3 49. c5 Kg3 50. Ke6 h5 51. Kd7 h4 52. Kxc7 h3 53.
c6 h2 54. Kb8 h1=Q 55. c7 Qb1+ 56. Ka7 Qc2 57. Kb8 Qb3+ 58. Ka7 Qc4 59. Kb7
Qxa4 60. c8=Q Qb5+ 61. Ka7 a4 62. Qc3+ Kf4 63. Qd4+ Kf5 64. Qf2+ Ke4 65. Qc2+
Kd4 66. Qd2+ Qd3 67. Qf4+ Qe4 68. Qd2+ Kc4 69. Qa2+ Kc5 70. Qa3+ Kc6 71. Qc3+
Kb5 72. Qb2+ Qb4 73. Qe2+ Qc4 74. Qb2+ Qb3 75. Qe2+ Kb4 76. Qe7+ Kc3 77. Qe3+
Kb2 78. Qd4+ Ka2 79. Qd2+ Ka3 80. Qd6+ Kb2 81. Qd4+ Kb1 82. Qe4+ Qc2 83. Qe1+
Ka2 84. Qe6+ Ka3 85. Qe7+ Kb3 86. Qe6+ Qc4 87. Qe3+ Kb4 88. Qe1+ Kb5 89. Qe8+
Qc6 90. Qe2+ 1/2-1/2

[Event "Icelandic Team Championship 2019-21 - 1s"]
[Site "Reykjavik (round 1-5) and Self"]
[Date "2021.05.16"]
[Round "9.4"]
[White "Palsson, Halldor"]
[Black "Kristjansson, Atli Freyr"]
[Result "0-1"]
[WhiteElo "1981"]
[BlackElo "2176"]
[PlyCount "104"]
[EventDate "2019.10.03"]
[WhiteTeam "Víkingaklúbburinn a-sveit"]
[BlackTeam "Skákfélagið Huginn"]

1. d4 {[%emt 0:00:00]} Nf6 {[%emt 0:00:00]} 2. c4 {[%emt 0:00:00]} g6 {[%emt 0:
00:00]} 3. Nc3 {[%emt 0:00:00]} Bg7 {[%emt 0:00:00]} 4. e4 {[%emt 0:00:00]} O-O
{[%emt 0:00:00]} 5. f3 {[%emt 0:00:00]} d6 {[%emt 0:00:00]} 6. Be3 {[%emt 0:00:
00]} Nc6 {[%emt 0:00:00]} 7. Nge2 {[%emt 0:00:00]} a6 {[%emt 0:00:00]} 8. Qd2 {
[%emt 0:00:00]} Rb8 {[%emt 0:00:00]} 9. g4 {[%emt 0:00:00]} b5 {[%emt 0:00:00]}
10. cxb5 {[%emt 0:00:00]} axb5 {[%emt 0:00:00]} 11. Rc1 {[%emt 0:00:00]} Bxg4 {
[%emt 0:00:00]} 12. fxg4 {[%emt 0:00:00]} Nxg4 {[%emt 0:00:00]} 13. Nd5 {
[%emt 0:00:00]} e6 {[%emt 0:00:00]} 14. Ndf4 {[%emt 0:00:00]} Qh4+ {[%emt 0:00:
00]} 15. Kd1 {[%emt 0:00:00]} Rb6 {[%emt 0:00:00]} 16. Ng2 {[%emt 0:00:00]}
Nxe3+ {[%emt 0:00:00]} 17. Qxe3 {[%emt 0:00:00]} Qf6 {[%emt 0:00:00]} 18. Ne1 {
[%emt 0:00:00]} Ra8 {[%emt 0:00:00]} 19. Bg2 {[%emt 0:01:08]} Rxa2 {[%emt 0:00:
00]} 20. e5 {[%emt 0:00:46]} dxe5 {[%emt 0:00:00]} 21. Rxc6 {[%emt 0:00:40]}
Rxc6 {[%emt 0:00:00]} 22. Bxc6 {[%emt 0:00:07]} exd4 {[%emt 0:00:00]} 23. Qb3 {
[%emt 0:03:21]} Ra1+ {[%emt 0:00:00]} 24. Kc2 {[%emt 0:00:17]} Qf5+ {[%emt 0:
00:00]} 25. Nd3 {[%emt 0:00:38]} Rxh1 {[%emt 0:00:00]} 26. Bxh1 {[%emt 0:00:06]
} Qf1 {[%emt 0:00:00]} 27. Ng3 {[%emt 0:01:10]} Qg1 {[%emt 0:00:00]} 28. Nc1 {
[%emt 0:01:35]} Qxh2+ {[%emt 0:00:00]} 29. Nce2 {[%emt 0:00:35]} h5 {[%emt 0:
00:00]} 30. Qf3 {[%emt 0:00:16]} c5 {[%emt 0:00:00]} 31. Nf1 {[%emt 0:02:16]}
Qe5 {[%emt 0:00:00]} 32. Qe4 {[%emt 0:03:31]} d3+ {[%emt 0:00:00]} 33. Kxd3 {
[%emt 0:00:21]} Qxb2 {[%emt 0:00:00]} 34. Ke3 {[%emt 0:00:34]} c4 {[%emt 0:00:
00]} 35. Qa8+ {[%emt 0:00:36]} Kh7 {[%emt 0:00:00]} 36. Qe8 {[%emt 0:00:19]}
Qe5+ {[%emt 0:00:00]} 37. Kf2 {[%emt 0:00:09]} Qf5+ {[%emt 0:00:00]} 38. Ke1 {
[%emt 0:01:06]} b4 {[%emt 0:00:00]} 39. Bb7 {[%emt 0:00:45]} b3 {[%emt 0:00:00]
} 40. Ne3 {[%emt 0:00:24]} Qa5+ {[%emt 0:00:00]} 41. Kf2 {[%emt 0:00:18]} b2 {
[%emt 0:00:00]} 42. Be4 {[%emt 0:00:27]} Qe5 {[%emt 0:00:00]} 43. Bc2 {[%emt 0:
00:54]} Qf6+ {[%emt 0:00:00]} 44. Ke1 {[%emt 0:00:27]} c3 {[%emt 0:01:48]} 45.
Qc6 Qh4+ {[%emt 0:00:00]} 46. Kf1 {[%emt 0:00:50]} Qh3+ {[%emt 0:00:00]} 47.
Kf2 {[%emt 0:00:25]} Qh2+ {[%emt 0:04:15]} 48. Qg2 {[%emt 0:00:46]} Qb8 {
[%emt 0:00:24]} 49. Qf1 {[%emt 0:00:18]} Qb6 {[%emt 0:02:10]} 50. Kf3 {[%emt 0:
00:37]} f5 {[%emt 0:00:43]} 51. Qb1 {[%emt 0:00:40]} h4 {[%emt 0:00:23]} 52.
Qh1 {[%emt 0:00:22]} Qc6+ {[%emt 0:00:09]} 0-1

[Event "Icelandic Team Championship 2019-21 - 1s"]
[Site "Reykjavik (round 1-5) and Self"]
[Date "2021.05.16"]
[Round "9.4"]
[White "Halldorsson, Bragi"]
[Black "Baldursson, Haraldur"]
[Result "1-0"]
[WhiteElo "2073"]
[BlackElo "1890"]
[PlyCount "75"]
[EventDate "2019.10.03"]
[WhiteTeam "Skákfélagið Huginn"]
[BlackTeam "Víkingaklúbburinn a-sveit"]

1. d4 Nf6 2. c4 e6 3. Nc3 d5 4. Bg5 Nbd7 5. e3 Be7 6. Nf3 c6 7. Rc1 O-O 8. Bd3
dxc4 9. Bxc4 b5 10. Bd3 Bb7 11. O-O a6 12. Bxf6 Nxf6 13. Ne4 Rc8 14. Nc5 Bxc5
15. dxc5 h6 16. Qc2 Nd5 17. a3 Qf6 18. Rfd1 Rfd8 19. e4 Nf4 20. e5 Qe7 21. Be4
f5 22. exf6 gxf6 23. Nd4 f5 24. Bf3 Qf6 25. Ne2 Nxe2+ 26. Qxe2 e5 27. g4 Rd4
28. Rxd4 exd4 29. Kh1 Kh8 30. gxf5 Qxf5 31. Be4 Qf4 32. Rd1 Rd8 33. f3 Qg5 34.
Rg1 Qxc5 35. Qg2 Qg5 36. Qc2 Qe3 37. Qc5 Re8 38. Qf5 1-0

[Event "Icelandic Team Championship 2019-21 - 1s"]
[Site "Reykjavik (round 1-5) and Self"]
[Date "2021.05.16"]
[Round "9.5"]
[White "Gislason, Gudmundur"]
[Black "Halfdanarson, Jon"]
[Result "1/2-1/2"]
[WhiteElo "2308"]
[BlackElo "2109"]
[PlyCount "85"]
[EventDate "2019.10.03"]
[WhiteTeam "Breiðablik, Bolungarvík og Reykjanes"]
[BlackTeam "Taflfélag Garðabæjar"]

1. d4 d5 2. c4 e6 3. Nf3 Nf6 4. Nc3 Nbd7 5. g3 c6 6. Bg2 Bd6 7. O-O O-O 8. Qd3
Re8 9. e4 dxe4 10. Nxe4 Nxe4 11. Qxe4 e5 12. Qc2 exd4 13. Nxd4 Qf6 14. Be3 Nf8
15. Rad1 Bg4 16. f3 Bd7 17. Bf2 Rad8 18. f4 Bc5 19. f5 Bc8 20. Qc3 Bxf5 21. b4
Bxd4 22. Bxd4 Qg6 23. Bxa7 Be4 24. Bxe4 Qxe4 25. Rde1 Qg6 26. Bb6 Ra8 27. Rxe8
Rxe8 28. a4 Re2 29. Qf3 Rb2 30. b5 cxb5 31. Bd4 Rd2 32. Qf4 Re2 33. axb5 Re4
34. Qd2 Ne6 35. Bf2 Rxc4 36. Qd7 h6 37. Qxb7 Ng5 38. Be3 Rc2 39. Bxg5 hxg5 40.
b6 Rb2 41. Qc8+ Kh7 42. Qh3+ Kg8 43. Qc8+ 1/2-1/2

[Event "Icelandic Team Championship 2019-21 - 1s"]
[Site "Reykjavik (round 1-5) and Self"]
[Date "2021.05.16"]
[Round "9.5"]
[White "Thorsteinsdottir, Gudlaug"]
[Black "Jonsson, Bjorgvin"]
[Result "0-1"]
[WhiteElo "1975"]
[BlackElo "2335"]
[PlyCount "66"]
[EventDate "2019.10.03"]
[WhiteTeam "Taflfélag Garðabæjar"]
[BlackTeam "Breiðablik, Bolungarvík og Reykjanes"]

1. d4 Nf6 2. c4 e6 3. Nc3 Bb4 4. Qc2 O-O 5. a3 Bxc3+ 6. Qxc3 b6 7. Bg5 h6 8.
Bxf6 Qxf6 9. Rd1 Bb7 10. Qc2 d6 11. d5 exd5 12. cxd5 c6 13. g3 cxd5 14. Bg2 Na6
15. Nf3 Rac8 16. Qd2 Nc5 17. O-O Ne4 18. Qd4 Rc2 19. Qa4 Rxb2 20. Qxa7 Nc5 21.
Rb1 Ra8 22. Qxb6 Rxb6 23. Rxb6 Rxa3 24. Rfb1 Ra1 25. e3 Rxb1+ 26. Rxb1 Ba6 27.
Nd4 Ne4 28. Rb2 g6 29. h4 h5 30. Bh3 Qe7 31. Kh2 Qc7 32. Rc2 Qa5 33. Bd7 Qe1
0-1

[Event "Icelandic Team Championship 2019-21 - 1s"]
[Site "Reykjavik (round 1-5) and Self"]
[Date "2021.05.16"]
[Round "9.5"]
[White "Stefansson, Vignir Vatnar"]
[Black "Ragnarsson, Johann"]
[Result "1-0"]
[WhiteElo "2340"]
[BlackElo "1921"]
[PlyCount "61"]
[EventDate "2019.10.03"]
[WhiteTeam "Breiðablik, Bolungarvík og Reykjanes"]
[BlackTeam "Taflfélag Garðabæjar"]

1. d4 d5 2. c4 e6 3. Nc3 c6 4. Nf3 dxc4 5. e3 b5 6. a4 Bb4 7. Nd2 a5 8. axb5
Bxc3 9. bxc3 cxb5 10. Rb1 Bd7 11. Ba3 Ne7 12. Ne4 O-O 13. Nd6 Nd5 14. Qc1 b4
15. Bb2 Qc7 16. Nxc4 Bb5 17. cxb4 Rc8 18. Nd6 Qxc1+ 19. Bxc1 Bxf1 20. Nxc8 Bxg2
21. Rg1 Be4 22. Ra1 Nxb4 23. Kd2 Nc2 24. Ra4 Nd7 25. Nd6 Bc6 26. Rc4 Nb4 27.
Ba3 Nb6 28. Rcc1 Be8 29. Rg5 h6 30. Rgc5 Na2 31. Ra1 1-0

[Event "Icelandic Team Championship 2019-21 - 1s"]
[Site "Reykjavik (round 1-5) and Self"]
[Date "2021.05.16"]
[Round "9.5"]
[White "Saemundsson, Bjarni"]
[Black "Einarsson, Halldor Gretar"]
[Result "0-1"]
[WhiteElo "1838"]
[BlackElo "2239"]
[PlyCount "40"]
[EventDate "2019.10.03"]
[WhiteTeam "Taflfélag Garðabæjar"]
[BlackTeam "Breiðablik, Bolungarvík og Reykjanes"]

1. d4 e6 2. Nc3 d5 3. e4 Bb4 4. Bd3 dxe4 5. Bxe4 Nf6 6. Bf3 Nc6 7. Nge2 e5 8.
Bxc6+ bxc6 9. Bg5 exd4 10. Qxd4 Qxd4 11. Nxd4 Ne4 12. Nxc6 Bxc3+ 13. bxc3 Nxg5
14. O-O-O O-O 15. Rd5 Ne6 16. Re1 Bb7 17. Ne7+ Kh8 18. Rh5 g6 19. Rh4 Rfe8 20.
Rb4 Rab8 0-1

[Event "Icelandic Team Championship 2019-21 - 1s"]
[Site "Reykjavik (round 1-5) and Self"]
[Date "2021.05.16"]
[Round "9.5"]
[White "Hreinsson, Hlidar"]
[Black "Gudjonsson, Sindri"]
[Result "1-0"]
[WhiteElo "2201"]
[BlackElo "1852"]
[PlyCount "83"]
[EventDate "2019.10.03"]
[WhiteTeam "Breiðablik, Bolungarvík og Reykjanes"]
[BlackTeam "Taflfélag Garðabæjar"]

1. e4 e5 2. Nf3 Nf6 3. Nc3 Nc6 4. Bc4 Nxe4 5. Nxe4 d5 6. Bxd5 Qxd5 7. d3 Bg4 8.
h3 Bh5 9. Nc3 Bb4 10. Bd2 Bxc3 11. Bxc3 Bxf3 12. Qxf3 Qxf3 13. gxf3 Nd4 14.
Bxd4 exd4 15. Rg1 g6 16. Kd2 O-O-O 17. c3 Rhe8 18. Rg4 dxc3+ 19. bxc3 Re7 20.
Re4 Rde8 21. Rae1 Kd7 22. d4 f5 23. R4e3 b5 24. Kd3 Kd6 25. c4 c6 26. Kc3 a5
27. a3 f4 28. Re4 g5 29. Kd3 h6 30. h4 Rxe4 31. fxe4 gxh4 32. c5+ Kd7 33. Rh1
Rg8 34. Rxh4 Rg1 35. Rxh6 Ra1 36. d5 Rxa3+ 37. Kd4 Ra4+ 38. Ke5 cxd5 39. exd5
Rc4 40. Rh7+ Kc8 41. Kd6 a4 42. Kc6 1-0

[Event "Icelandic Team Championship 2019-21 - 1s"]
[Site "Reykjavik (round 1-5) and Self"]
[Date "2021.05.16"]
[Round "9.5"]
[White "Sigurthorsson, Kristinn J"]
[Black "Heidarsson, Arnar"]
[Result "0-1"]
[WhiteElo "1778"]
[BlackElo "1980"]
[PlyCount "92"]
[EventDate "2019.10.03"]
[WhiteTeam "Taflfélag Garðabæjar"]
[BlackTeam "Breiðablik, Bolungarvík og Reykjanes"]

1. e4 c5 2. Nf3 d6 3. c3 Nf6 4. Bb5+ Bd7 5. Bxd7+ Nbxd7 6. d3 e5 7. O-O Be7 8.
a3 O-O 9. Nbd2 Qc7 10. Nc4 d5 11. exd5 Nxd5 12. Re1 Bd6 13. Ng5 b5 14. Ne3 Nxe3
15. Rxe3 h6 16. Ne4 f5 17. Nxd6 Qxd6 18. Qb3+ Kh8 19. Qxb5 f4 20. Rh3 g5 21. b4
Rab8 22. Qc4 cxb4 23. cxb4 Rbc8 24. Qe4 Rc2 25. b5 Rfc8 26. Qe1 Qd4 27. Rb1 Qc3
28. Qxc3 R8xc3 29. Rxh6+ Kg7 30. Rc6 Nc5 31. Kf1 Rxc1+ 32. Rxc1 Rxc1+ 33. Ke2
Nb3 34. Rxc1 Nxc1+ 35. Kd2 Nb3+ 36. Kc3 Na5 37. f3 Kf6 38. d4 Nb7 39. a4 Nd6
40. g3 e4 41. gxf4 exf3 42. fxg5+ Kxg5 43. Kd2 Kf4 44. Ke1 Ke3 45. d5 f2+ 46.
Kf1 Ne4 0-1

[Event "Icelandic Team Championship 2019-21 - 1s"]
[Site "Reykjavik (round 1-5) and Self"]
[Date "2021.05.16"]
[Round "9.5"]
[White "Briem, Benedikt"]
[Black "Thorsson, Bjarnsteinn"]
[Result "0-1"]
[WhiteElo "1903"]
[BlackElo "1609"]
[PlyCount "90"]
[EventDate "2019.10.03"]
[WhiteTeam "Breiðablik, Bolungarvík og Reykjanes"]
[BlackTeam "Taflfélag Garðabæjar"]

1. d4 Nf6 2. c4 g6 3. Nc3 d5 4. Nf3 Bg7 5. Qb3 dxc4 6. Qxc4 c6 7. e4 O-O 8. Be2
Nbd7 9. O-O Qc7 10. h3 Nb6 11. Qb3 Be6 12. Qc2 Rac8 13. Be3 Bc4 14. Rac1 Rfd8
15. Rfd1 Bxe2 16. Nxe2 e6 17. b4 h6 18. a4 Qe7 19. a5 Nbd7 20. Qb1 e5 21. d5
cxd5 22. Rxc8 Rxc8 23. exd5 a6 24. d6 Qe6 25. Ng3 Rc6 26. Bc5 Bf8 27. Ne4 Ne8
28. Be3 Nxd6 29. Nc5 Nxc5 30. bxc5 Nc4 31. Qxb7 Nxe3 32. fxe3 Bxc5 33. Nxe5
Bxe3+ 34. Kh1 Rc1 35. Rxc1 Bxc1 36. Qc6 Qxe5 37. Qxc1 Qxa5 38. Qxh6 Qe1+ 39.
Kh2 Qe5+ 40. Kg1 a5 41. Qh4 Qa1+ 42. Kf2 a4 43. Qd8+ Kg7 44. Qd5 Qb2+ 45. Kg3
Qb3+ 0-1